[Event "AUTO-MASTER-3039"]
[Site "http://www.queenalice.com/game.php?id=1649001"]
[Date "2021.4.7"]
[Round "1"]
[White "Buuuu"]
[Black "spasskyreturns"]
[Result "0-1"]
[WhiteElo "2146"]
[BlackElo "2141"]

1. e4 c5 2. Nf3 d6 3. d4 cxd4 4. Nxd4 Nf6 5. Nc3 a6 6. Bc4 e6 7. Bb3 Nbd7 8. Bg5
Nc5 9. f4 Be7 10. Qf3 Qc7 11. O-O-O O-O 12. Rhe1 b5 13. Bd5 Nxd5 14. exd5 Bxg5
15. fxg5 e5 16. Nc6 Bb7 17. Re3 f6 18. b4 fxg5 19. Qg4 Rf4 20. Qxg5 Na4 21. Nxa4
bxa4 22. a3 Qd7 23. Rc3 Raf8 24. Kb2 h6 25. Qg6 R4f6 26. Qg3 Rf2 27. h3 Qf7 28.
Qh4 Rf6 29. g4 g5 30. Qg3 Rf4 31. h4 Bc8 32. hxg5 hxg5 33. Rh1 Qg7 34. Nb8 e4
35. Kb1 Bxg4 36. Nxa6 Qd4 37. Qh2 Rf1+ 38. Rxf1 Rxf1+ 0-1

[Event "AUTO-MASTER-3039"]
[Site "http://www.queenalice.com/game.php?id=1649002"]
[Date "2021.4.7"]
[Round "1"]
[White "spasskyreturns"]
[Black "Buuuu"]
[Result "1-0"]
[WhiteElo "2128"]
[BlackElo "2153"]

1. d4 Nf6 2. c4 c5 3. d5 e6 4. Nc3 exd5 5. cxd5 d6 6. Nf3 g6 7. Bf4 a6 8. a4 Bg7
9. h3 O-O 10. e3 Ne8 11. Be2 Nd7 12. a5 b5 13. axb6 Qxb6 14. Ra2 Qb4 15. O-O
Bxc3 16. bxc3 Qxc3 17. Nd2 f5 18. Nc4 Qf6 19. Qa4 g5 20. Qc6 gxf4 21. Qxa8 Nc7
22. Qc6 Nb5 23. exf4 Qe7 24. Ne3 Nd4 25. Qc7 Nb5 26. Bxb5 axb5 27. Ra7 1-0

[Event "AUTO-OPEN-4219"]
[Site "http://www.queenalice.com/game.php?id=1649474"]
[Date "2021.4.13"]
[Round "3"]
[White "spasskyreturns"]
[Black "silent1"]
[Result "1-0"]
[WhiteElo "2157"]
[BlackElo "1897"]

1. e4 e5 2. Nf3 d6 3. d4 exd4 4. Nxd4 Be7 5. Bc4 Nf6 6. Nc3 Bd7 7. O-O O-O 8. h3
Nc6 9. Re1 Nxd4 10. Qxd4 a6 11. Bf4 Bc6 12. Rad1 b5 13. Be2 Bb7 14. a4 c5 15.
Qe3 b4 16. e5 bxc3 17. exd6 Bxd6 18. Rxd6 Qa5 19. Qxc3 Qxc3 20. bxc3 Rfe8 21.
Be3 Rac8 22. Bxa6 Bxa6 23. Rxa6 Nd5 24. Bd2 Rxe1+ 25. Bxe1 h6 26. a5 Kf8 27. c4
Nf6 28. Ra7 Ke8 29. Bc3 Nh5 30. Be5 Rc6 31. g4 Nf6 32. Kg2 g6 33. Bxf6 Rxf6 34.
Rc7 1-0

[Event "AUTO-OPEN-4219"]
[Site "http://www.queenalice.com/game.php?id=1649475"]
[Date "2021.4.13"]
[Round "3"]
[White "silent1"]
[Black "spasskyreturns"]
[Result "0-1"]
[WhiteElo "1903"]
[BlackElo "2153"]

1. e4 c5 2. Bc4 e6 3. Nf3 Nc6 4. Nc3 a6 5. e5 d5 6. exd6 Bxd6 7. O-O b5 8. Be2
Nf6 9. d3 O-O 10. Bg5 h6 11. Bh4 Be7 12. Bg3 Bb7 13. a3 Nh5 14. h3 Nxg3 15. fxg3
Qc7 16. Qe1 Nd4 17. Nxd4 cxd4 18. Bf3 dxc3 19. Bxb7 cxb2 20. Bxa8 bxa1=Q 21.
Qxa1 Rxa8 22. c4 Qxg3 23. cxb5 axb5 24. Rf3 Rxa3 25. Qxa3 Qe1+ 26. Rf1 Qe3+ 0-1

[Event "AUTO-MASTER-3045"]
[Site "http://www.queenalice.com/game.php?id=1759875"]
[Date "2021.5.19"]
[Round "1"]
[White "spasskyreturns"]
[Black "chessman"]
[Result "1-0"]
[WhiteElo "2193"]
[BlackElo "1900"]

1. d4 d5 2. c4 c6 3. Nf3 Nf6 4. Nc3 e6 5. e3 Be7 6. Qc2 O-O 7. Bd3 Re8 8. O-O
Nbd7 9. a4 a6 10. b3 Nf8 11. Ne5 Bd7 12. Bb2 Rc8 13. c5 h6 14. b4 Qc7 15. b5
axb5 16. axb5 cxb5 17. Nxd7 Qxd7 18. Bxb5 Qc7 19. Bxe8 Nxe8 20. Rfb1 Nf6 21. Ra7
N8d7 22. Ba3 Qc6 23. Rbxb7 1-0

[Event "AUTO-MASTER-3045"]
[Site "http://www.queenalice.com/game.php?id=1759876"]
[Date "2021.5.19"]
[Round "1"]
[White "chessman"]
[Black "spasskyreturns"]
[Result "0-1"]
[WhiteElo "1924"]
[BlackElo "2189"]

1. e4 c5 2. Nf3 d6 3. Bb5+ Nd7 4. c3 Nf6 5. Qe2 a6 6. Ba4 b5 7. Bc2 Bb7 8. O-O
e5 9. Rd1 Be7 10. a3 c4 11. d4 cxd3 12. Bxd3 Nc5 13. Bc2 Qc7 14. Nbd2 O-O 15.
Nf1 Ncxe4 16. Bxe4 Nxe4 17. Be3 f5 18. Bd2 d5 19. Rac1 f4 20. h3 Rae8 21. N1h2
Bd6 22. Nf1 Bc5 0-1

[Event "AUTO-MASTER-3045"]
[Site "http://www.queenalice.com/game.php?id=1759877"]
[Date "2021.5.19"]
[Round "1"]
[White "spasskyreturns"]
[Black "clovis"]
[Result "1-0"]
[WhiteElo "2170"]
[BlackElo "2093"]

1. Nf3 d5 2. g3 Nf6 3. Bg2 Bf5 4. c4 e6 5. O-O c6 6. cxd5 exd5 7. d3 Bd6 8. Re1
O-O 9. Nc3 Re8 10. e4 dxe4 11. dxe4 Nxe4 12. Nh4 Nxf2 13. Kxf2 Bc5+ 14. Be3
Bxe3+ 15. Rxe3 Qb6 16. Nxf5 g6 17. Na4 1-0

[Event "AUTO-MASTER-3045"]
[Site "http://www.queenalice.com/game.php?id=1759878"]
[Date "2021.5.19"]
[Round "1"]
[White "clovis"]
[Black "spasskyreturns"]
[Result "0-1"]
[WhiteElo "2089"]
[BlackElo "2180"]

1. e4 c5 2. Nf3 d6 3. d4 cxd4 4. Nxd4 Nf6 5. Nc3 a6 6. Bd3 e6 7. O-O b5 8. Kh1
Bb7 9. f4 Nbd7 10. Qe2 Nc5 11. e5 Nxd3 12. Qxd3 Ng4 13. f5 dxe5 14. fxe6 Qxd4
15. exf7+ Kd8 16. Bg5+ Kc7 17. Qg3 Bc5 18. Rad1 Nf2+ 19. Rxf2 Qxf2 20. Qxe5+ Kb6
21. Be7 Qxg2# 0-1

[Event "AUTO-MASTER-3045"]
[Site "http://www.queenalice.com/game.php?id=1759879"]
[Date "2021.5.19"]
[Round "1"]
[White "spasskyreturns"]
[Black "CCapivara"]
[Result "1-0"]
[WhiteElo "2210"]
[BlackElo "2200"]

1. e4 d6 2. d4 Nf6 3. Nc3 c6 4. Nf3 Bg4 5. Be2 Nbd7 6. O-O e5 7. h3 Bh5 8. Be3
Be7 9. Nh4 Bg6 10. Nxg6 hxg6 11. a4 O-O 12. a5 Re8 13. d5 cxd5 14. exd5 a6 15.
Ra4 Rc8 16. Qd2 Nc5 17. Rc4 b5 18. axb6 Ncd7 19. Rxc8 Qxc8 20. Ra1 Nc5 21. b4
Ncd7 22. Rxa6 Bd8 23. Bb5 Qb7 24. Na4 Rf8 25. Ra7 Qc8 26. Ba6 Qb8 27. b7 Nb6 28.
Bxb6 Bxb6 29. Ra8 Qc7 30. Nxb6 Qxb6 31. Qc3 Ne4 32. Rxf8+ Kxf8 33. Qe3 Qxb4 34.
Qxe4 Qxe4 35. b8=Q+ Ke7 36. Qc7+ Kf6 37. Qd8+ 1-0

[Event "AUTO-MASTER-3045"]
[Site "http://www.queenalice.com/game.php?id=1759880"]
[Date "2021.5.19"]
[Round "1"]
[White "CCapivara"]
[Black "spasskyreturns"]
[Result "0-1"]
[WhiteElo "2254"]
[BlackElo "2196"]

1. e4 c5 2. Nf3 d6 3. d4 cxd4 4. Nxd4 Nf6 5. Nc3 a6 6. Bg5 e6 7. f4 Be7 8. Qf3
h6 9. Bh4 O-O 10. O-O-O Qc7 11. g4 b5 12. Bf2 b4 13. Nce2 Bb7 14. Ng3 Nbd7 15.
h4 Nc5 16. g5 Nfxe4 17. gxh6 Nf6 18. Qe2 Bxh1 19. hxg7 Kxg7 20. Nxh1 d5 21. Bh3
Rh8 22. Ng3 Bd6 23. Rg1 Bxf4+ 24. Kb1 Kf8 25. h5 Rc8 26. b3 Qe5 27. Qf3 Nce4 28.
Nxe4 Nxe4 29. Bxe6 Nd2+ 0-1

[Event "AUTO-OPEN-4256"]
[Site "http://www.queenalice.com/game.php?id=1761242"]
[Date "2021.6.2"]
[Round "2"]
[White "RaulSoft"]
[Black "spasskyreturns"]
[Result "1-0"]
[WhiteElo "2686"]
[BlackElo "2223"]

1. d4 Nf6 2. c4 g6 3. Nc3 Bg7 4. e4 d6 5. Nf3 O-O 6. Be2 e5 7. d5 Nbd7 8. Be3
Nc5 9. Nd2 a5 10. O-O Bd7 11. b3 Qe7 12. a3 Ra6 13. b4 axb4 14. axb4 Rfa8 15.
Rc1 Na4 16. Nb5 Qd8 17. h3 c5 18. dxc6 Bxc6 19. Nxd6 Qxd6 20. b5 Nxe4 21. Nxe4
Bxe4 22. bxa6 Qxa6 23. c5 Qe6 24. Bb5 Nb2 25. Qd2 Qb3 26. Be2 h5 27. Rc3 Qa2 28.
Bb5 Ra5 29. c6 Bxc6 30. Bxc6 bxc6 31. Rxc6 Ra8 32. Rc2 e4 33. Qb4 Qd5 34. Rxb2
Bxb2 35. Qxb2 Rd8 36. Rc1 Qd6 37. g3 Kh7 38. Kg2 1-0

[Event "AUTO-OPEN-4256"]
[Site "http://www.queenalice.com/game.php?id=1761243"]
[Date "2021.6.2"]
[Round "2"]
[White "spasskyreturns"]
[Black "RaulSoft"]
[Result "0-1"]
[WhiteElo "2224"]
[BlackElo "2685"]

1. e4 e5 2. Nf3 Nc6 3. Bb5 a6 4. Ba4 Nf6 5. O-O b5 6. Bb3 Bb7 7. Re1 Bc5 8. c3
d6 9. d4 Bb6 10. Bg5 h6 11. Bh4 g5 12. Bg3 O-O 13. dxe5 Nxe5 14. Nxe5 dxe5 15.
Nd2 Qe7 16. Nf3 Rad8 17. Qe2 Nh5 18. a4 bxa4 19. Rxa4 a5 20. Rea1 Rfe8 21. Re1
Qf6 22. Kh1 Nf4 23. Bxf4 Qxf4 24. h3 Bc8 25. Raa1 h5 26. g3 Qf6 27. Kg2 g4 28.
hxg4 Bxg4 29. Rad1 h4 30. Rh1 Rxd1 31. Bxd1 hxg3 32. fxg3 Rd8 33. Qc2 Be3 34.
Rf1 Qe6 35. Rh1 Bxf3+ 36. Kxf3 Rd2 37. Kxe3 Rxc2 0-1

[Event "AUTO-OPEN-4256"]
[Site "http://www.queenalice.com/game.php?id=1761248"]
[Date "2021.6.2"]
[Round "2"]
[White "BigRezi"]
[Black "spasskyreturns"]
[Result "0-1"]
[WhiteElo "1767"]
[BlackElo "2223"]

1. e4 c5 2. Nf3 d6 3. d4 cxd4 4. Nxd4 Nf6 5. Nc3 a6 6. Be2 e6 7. O-O Be7 8. Bd3
O-O 9. Bf4 e5 10. Be3 exd4 11. Bxd4 Nc6 12. Be3 Re8 13. Ne2 d5 14. exd5 Nxd5 15.
Bd2 Ne5 16. Be4 Nf6 17. Nc3 Nc4 18. Re1 Bg4 19. Bf3 Bxf3 20. Qxf3 Nxd2 21. Qxb7
Bc5 22. Re2 Rxe2 23. Nxe2 Rb8 24. Qxa6 Nfe4 25. Ng3 Bxf2+ 26. Kh1 Nxg3+ 27. hxg3
Rb6 28. Qa3 Rh6# 0-1

[Event "AUTO-OPEN-4256"]
[Site "http://www.queenalice.com/game.php?id=1761249"]
[Date "2021.6.2"]
[Round "2"]
[White "spasskyreturns"]
[Black "BigRezi"]
[Result "1-0"]
[WhiteElo "2222"]
[BlackElo "1769"]

1. d4 Nf6 2. c4 g6 3. Nf3 Bg7 4. Nc3 d5 5. e3 O-O 6. Qb3 dxc4 7. Bxc4 e6 8. O-O
a6 9. Be2 Nbd7 10. e4 c5 11. e5 Ne8 12. Be3 cxd4 13. Bxd4 b5 14. a4 Bb7 15. axb5
axb5 16. Qxb5 Qc8 17. Rxa8 Bxa8 18. Rc1 Nc7 19. Qa5 Nd5 20. Bb5 Qb7 21. Ne4 N7b6
22. Bc5 Rd8 23. Bd6 Bh6 24. Rc2 Bf8 25. Nc5 Qc8 26. Ba6 1-0

[Event "AUTO-MASTER-3039"]
[Site "http://www.queenalice.com/game.php?id=1767631"]
[Date "2021.8.22"]
[Round "2"]
[White "spasskyreturns"]
[Black "clovis"]
[Result "0-1"]
[WhiteElo "2190"]
[BlackElo "2110"]

1. e4 e5 2. Nf3 Nc6 3. Bb5 f5 4. Nc3 fxe4 5. Nxe4 d5 6. Nxe5 dxe4 7. Nxc6 Qd5 8.
c4 Qd6 9. Nxa7+ c6 10. Nxc8 Rxc8 0-1